[Event "Reykjavik op"]
[Site "Reykjavik"]
[Date "2013.02.25"]
[Round "8"]
[White "Michel, Stephan"]
[Black "Palsdottir, Soley Lind"]
[Result "1-0"]
[WhiteElo "2008"]
[BlackElo "1393"]
[PlyCount "99"]
[EventDate "2013.02.19"]
[EventType "swiss"]
[EventRounds "10"]
[EventCountry "ISL"]
[SourceTitle "CBM 153 Extra"]
[Source "ChessBase"]
[SourceDate "2013.04.22"]
[SourceVersion "1"]
[SourceVersionDate "2013.04.22"]
[SourceQuality "1"]

1. d4 Nf6 2. c4 g6 3. Nc3 Bg7 4. e4 d6 5. Nf3 0-0 6. Be2 Re8 7. 0-0 e5 8. d5 Nbd7 9. Ne1 Nc5 10. Qc2 a5 11. b3 Rf8 12. a3 Ne8 13. Be3 Na6 14. Nd3 f5 15. f3 f4 16. Bf2 h5 17. b4 axb4 18. axb4 c6 19. Na4 Nac7 20. Nb6 Rxa1 21. Rxa1 Nf6 22. dxc6 bxc6 23. Nxc8 Qxc8 24. c5 dxc5 25. Nxe5 Kh7 26. Bxc5 Re8 27. Bd4 Nb5 28. Bb2 Nd7 29. Nxd7 Bxb2 30. Nf8+ Rxf8 31. Qxb2 Qd7 32. Bxb5 cxb5 33. Qf2 Rc8 34. g3 fxg3 35. hxg3 Rc6 36. Kg2 Qc8 37. Ra2 Rc4 38. Qd2 Qc7 39. Rb2 Rc3 40. Qe2 Rc4 41. e5 Qe7 42. Qe1 Qe6 43. Re2 Rc6 44. Qd2 Kg7 45. Qd3 Rb6 46. Qd4 Kf7 47. Rc2 Rc6 48. Qa7+ Kf8 49. Qa8+ Kf7 50. Qxc6 1-0

[Event "Reykjavik op"]
[Site "Reykjavik"]
[Date "2013.02.22"]
[Round "5"]
[White "Prosviriakov, Vladimir"]
[Black "Michel, Stephan"]
[Result "1-0"]
[WhiteElo "2297"]
[BlackElo "2008"]
[PlyCount "91"]
[EventDate "2013.02.19"]
[EventType "swiss"]
[EventRounds "10"]
[EventCountry "ISL"]
[SourceTitle "CBM 153 Extra"]
[Source "ChessBase"]
[SourceDate "2013.04.22"]
[SourceVersion "1"]
[SourceVersionDate "2013.04.22"]
[SourceQuality "1"]

1. e4 e6 2. d3 d5 3. Qe2 Be7 4. Nf3 Nf6 5. g3 0-0 6. Bg2 c5 7. 0-0 Nc6 8. e5 Ne8 9. c4 Nc7 10. Nc3 f6 11. exf6 Bxf6 12. Bf4 d4 13. Ne4 Be7 14. Bg5 e5 15. Bxe7 Qxe7 16. Nfd2 Ne6 17. Rae1 Bd7 18. Nf3 Ned8 19. h3 Nf7 20. a3 b6 21. Nh2 Rae8 22. Qd2 Nd6 23. Nxd6 Qxd6 24. Qe2 Nd8 25. Ng4 Nf7 26. Bd5 Kh8 27. Bxf7 Rxf7 28. Nxe5 Rfe7 29. f4 Bxh3 30. Nf7+ Rxf7 31. Qxe8+ Rf8 32. Rf2 h6 33. Qe7 Qb8 34. b4 Bf5 35. bxc5 bxc5 36. Qxc5 Bxd3 37. Qxd4 Rd8 38. Qc3 Rd7 39. c5 Qc7 40. Rd2 Bb5 41. Re8+ Kh7 42. Qc2+ g6 43. Qc3 g5 44. Rh8+ Kg6 45. Rxh6+ Kxh6 46. Qf6+ 1-0

[Event "Reykjavik op"]
[Site "Reykjavik"]
[Date "2013.02.20"]
[Round "3"]
[White "Kashlinskaya, Alina"]
[Black "Michel, Stephan"]
[Result "1-0"]
[WhiteElo "2350"]
[BlackElo "2008"]
[PlyCount "65"]
[EventDate "2013.02.19"]
[EventType "swiss"]
[EventRounds "10"]
[EventCountry "ISL"]
[SourceTitle "CBM 153 Extra"]
[Source "ChessBase"]
[SourceDate "2013.04.22"]
[SourceVersion "1"]
[SourceVersionDate "2013.04.22"]
[SourceQuality "1"]

1. d4 Nf6 2. c4 c5 3. d5 e5 4. Nc3 d6 5. g3 Be7 6. Bg2 Nbd7 7. Nf3 a6 8. 0-0 0-0 9. a4 b6 10. e4 Ne8 11. Ne1 g6 12. Nd3 f5 13. f4 Bf6 14. exf5 gxf5 15. Qe2 e4 16. Nf2 Bxc3 17. bxc3 Ndf6 18. g4 fxg4 19. Nxe4 Nxe4 20. Bxe4 Qe7 21. Qg2 Qg7 22. Bd2 Nf6 23. Bd3 Bb7 24. Rab1 Qc7 25. Be1 Kh8 26. Bh4 Nd7 27. Qxg4 Rg8 28. Bg5 Rxg5 29. fxg5 Ne5 30. Qf5 Rg8 31. Qf6+ Rg7 32. Bf5 Nxc4 33. Be6 1-0

[Event "Reykjavik op"]
[Site "Reykjavik"]
[Date "2013.02.20"]
[Round "2"]
[White "Michel, Stephan"]
[Black "Holm, Fridgeir K"]
[Result "1-0"]
[WhiteElo "2008"]
[BlackElo "1733"]
[PlyCount "85"]
[EventDate "2013.02.19"]
[EventType "swiss"]
[EventRounds "10"]
[EventCountry "ISL"]
[SourceTitle "CBM 153 Extra"]
[Source "ChessBase"]
[SourceDate "2013.04.22"]
[SourceVersion "1"]
[SourceVersionDate "2013.04.22"]
[SourceQuality "1"]

1. d4 Nf6 2. c4 e6 3. Nc3 Bb4 4. f3 d5 5. a3 Bxc3+ 6. bxc3 0-0 7. e3 Nc6 8. Qc2 e5 9. cxd5 Nxd5 10. e4 Nf4 11. dxe5 Ng6 12. f4 Qe7 13. Be3 Kh8 14. Nf3 Bg4 15. Be2 Bxf3 16. Bxf3 f6 17. exf6 Qxf6 18. g3 Qe6 19. 0-0 Qe7 20. e5 Qe6 21. Be4 Rae8 22. Rab1 Ncxe5 23. Bxb7 Nc4 24. Bc5 Rf5 25. Rfe1 Qxe1+ 26. Rxe1 Rxe1+ 27. Kf2 Ree5 28. Be4 Rf6 29. Bd4 Nxf4 30. Bxe5 Nd3+ 31. Kg1 Ndxe5 32. Qa4 c6 33. Qxa7 g6 34. a4 Rf7 35. Qb8+ Kg7 36. a5 Nd7 37. Qb4 Nde5 38. a6 Ne3 39. Bg2 Rd7 40. Qa4 Rd2 41. Bxc6 N5g4 42. a7 Nf2 43. Bd7 1-0

[Event "Vienna op 16th"]
[Site "Vienna"]
[Date "2009.08.15"]
[Round "1"]
[White "Michel, Stephan"]
[Black "Knitl, Anton"]
[Result "1/2-1/2"]
[WhiteElo "1986"]
[BlackElo "2212"]
[PlyCount "81"]
[EventDate "2009.08.15"]
[EventType "swiss"]
[EventRounds "9"]
[EventCountry "AUT"]
[SourceTitle "CBM 131 Extra"]
[Source "ChessBase"]
[SourceDate "2009.09.03"]
[SourceVersion "2"]
[SourceVersionDate "2009.09.16"]
[SourceQuality "1"]

1. d4 d5 2. c4 c6 3. Nf3 dxc4 4. e3 Be6 5. a4 Nf6 6. Na3 c5 7. Bxc4 Bxc4 8. Nxc4 Nc6 9. Qb3 cxd4 10. Qxb7 Qc8 11. Qxc8+ Rxc8 12. 0-0 e6 13. Nce5 Nxe5 14. Nxe5 Bc5 15. exd4 Bxd4 16. Nf3 Bc5 17. Bd2 Ne4 18. Ba5 Be7 19. Rab1 0-0 20. Rfc1 Bf6 21. Rc7 Rxc7 22. Bxc7 Rc8 23. Bf4 h6 24. Be3 a6 25. Kf1 Rb8 26. Nd2 Nxd2+ 27. Bxd2 Rxb2 28. Rxb2 Bxb2 29. Bb4 e5 30. Ke2 Bd4 31. f3 f5 32. Kd3 Kf7 33. Kc4 g5 34. Kd5 h5 35. h3 Kf6 36. Bd6 g4 37. hxg4 fxg4 38. fxg4 hxg4 39. Ke4 Ke6 40. Bb8 Bc3 41. Bc7 1/2-1/2

[Event "GER-ch internet U25 qual 02"]
[Site "Playchess.com INT"]
[Date "2007.05.23"]
[Round "1"]
[White "Michel, Stephan"]
[Black "Hefter, Dmitrij"]
[Result "1-0"]
[WhiteElo "1957"]
[BlackElo "2084"]
[PlyCount "79"]
[EventDate "2007.05.23"]
[EventType "swiss (blitz)"]
[EventRounds "7"]
[EventCountry "GER"]
[SourceTitle "EXT 2009"]
[Source "ChessBase"]
[SourceDate "2008.11.26"]
[SourceVersion "1"]
[SourceVersionDate "2008.11.26"]
[SourceQuality "1"]

1. d4 d5 2. c4 e6 3. Nc3 Nf6 4. cxd5 exd5 5. Bg5 c6 6. e3 h6 7. Bh4 Bf5 8. Qf3 Bg6 9. Bxf6 Qxf6 10. Qxf6 gxf6 11. Nf3 Bd6 12. Nh4 Nd7 13. g3 0-0-0 14. f3 Rde8 15. Kf2 Nb6 16. b3 Bb4 17. Rc1 Re7 18. Bh3+ Kd8 19. Nf5 Bxf5 20. Bxf5 Nc8 21. Rc2 Nd6 22. Bh3 h5 23. Rhc1 h4 24. Bg2 hxg3+ 25. hxg3 Nf5 26. Nxd5 Ba3 27. Nxe7 Kxe7 28. Rh1 Re8 29. g4 Ng7 30. Bf1 Ne6 31. Bc4 Ng5 32. Re2 Kd6 33. f4 Ne4+ 34. Kf3 Nc3 35. Rc2 Ne4 36. Bxf7 Re7 37. Bg6 f5 38. Bxf5 Nf6 39. Rh6 Rf7 40. g5 1-0

[Event "Hessen-chA"]
[Site "Marburg"]
[Date "2006.04.10"]
[Round "3.6"]
[White "Michel, Stephan"]
[Black "Lange, Klaus"]
[Result "1/2-1/2"]
[WhiteElo "1902"]
[BlackElo "2174"]
[PlyCount "95"]
[EventDate "2006.04.08"]
[EventType "swiss"]
[EventRounds "9"]
[EventCountry "GER"]
[SourceTitle "EXT 2007"]
[Source "ChessBase"]
[SourceDate "2006.11.23"]
[SourceVersion "1"]
[SourceVersionDate "2006.11.23"]
[SourceQuality "1"]

1. e4 Nf6 2. e5 Nd5 3. d4 d6 4. c4 Nb6 5. exd6 cxd6 6. Nc3 g6 7. Be3 Bg7 8. Rc1 Nc6 9. d5 Ne5 10. b3 0-0 11. Be2 f5 12. f4 Ng4 13. Bxg4 fxg4 14. Nge2 e5 15. dxe6 Bxe6 16. 0-0 Qe7 17. Bd4 Rad8 18. Bxg7 Qxg7 19. Nd4 Bf5 20. Nxf5 Rxf5 21. Qxg4 d5 22. Nxd5 Nxd5 23. cxd5 Qd4+ 24. Kh1 Rdxd5 25. Rcd1 Rxf4 26. Qe2 Rxf1+ 27. Rxf1 Re5 28. Qd1 Qxd1 29. Rxd1 Re2 30. Kg1 Kf7 31. Rd7+ Re7 32. Rd4 Rc7 33. Kf2 Ke6 34. Rd2 Ke5 35. Ke3 h5 36. h3 Rc3+ 37. Kf2 b5 38. Kg1 a5 39. Rd8 b4 40. Ra8 Rc5 41. Kh2 Kd4 42. h4 g5 43. hxg5 Rxg5 44. Kh3 Kc3 45. Kh4 Rxg2 46. Rxa5 Rh2+ 47. Kg3 Rh1 48. a3 1/2-1/2

[Event "Hessenliga 0506"]
[Site "Germany"]
[Date "2005.09.11"]
[Round "1.8"]
[White "Eckhardt, Thorsten"]
[Black "Michel, Stephan"]
[Result "1-0"]
[WhiteElo "2203"]
[BlackElo "1915"]
[PlyCount "43"]
[EventDate "2005.09.11"]
[EventType "team-tourn"]
[EventRounds "11"]
[EventCountry "GER"]
[SourceTitle "EXT 2007"]
[Source "ChessBase"]
[SourceDate "2006.11.23"]
[SourceVersion "1"]
[SourceVersionDate "2006.11.23"]
[SourceQuality "1"]
[WhiteTeam "Giessen"]
[BlackTeam "Biebertal"]
[WhiteTeamCountry "GER"]
[BlackTeamCountry "GER"]

1. e4 g6 2. d4 Bg7 3. c3 d6 4. f4 Nd7 5. e5 dxe5 6. fxe5 c5 7. Nf3 cxd4 8. e6 Ne5 9. Bb5+ Kf8 10. Nxe5 Bxe5 11. exf7 Nf6 12. Bh6+ Kxf7 13. 0-0 Qb6 14. Na3 dxc3+ 15. Kh1 cxb2 16. Rb1 Bf5 17. Qb3+ Be6 18. Nc4 Qc5 19. Rbe1 Bd4 20. Rxe6 Kxe6 21. Re1+ Kd5 22. Qf3+ 1-0

[Event "Bad Zwesten op 9th"]
[Site "Bad Zwesten"]
[Date "2005.01.07"]
[Round "8"]
[White "Collmann, Martin"]
[Black "Michel, Stephan"]
[Result "1/2-1/2"]
[WhiteElo "1594"]
[BlackElo "1907"]
[PlyCount "32"]
[EventDate "2005.01.02"]
[EventType "swiss"]
[EventRounds "9"]
[EventCountry "GER"]
[SourceTitle "CBM 104 Extra"]
[Source "ChessBase"]
[SourceDate "2005.03.01"]
[SourceVersion "1"]
[SourceVersionDate "2005.03.01"]
[SourceQuality "1"]

1. e4 g6 2. d4 Bg7 3. Nc3 d6 4. Be3 a6 5. f3 b5 6. Qd2 Nd7 7. 0-0-0 Bb7 8. g4 Rc8 9. h4 c5 10. h5 Qa5 11. h6 Bxd4 12. Bxd4 cxd4 13. Qxd4 f6 14. Kb1 Qc7 15. Bd3 Ne5 16. Nd5 Qc5 1/2-1/2

[Event "Bad Zwesten op 9th"]
[Site "Bad Zwesten"]
[Date "2005.01.05"]
[Round "6"]
[White "Frank, Wolfgang"]
[Black "Michel, Stephan"]
[Result "1-0"]
[WhiteElo "2188"]
[BlackElo "1907"]
[PlyCount "45"]
[EventDate "2005.01.02"]
[EventType "swiss"]
[EventRounds "9"]
[EventCountry "GER"]
[SourceTitle "CBM 104 Extra"]
[Source "ChessBase"]
[SourceDate "2005.03.01"]
[SourceVersion "1"]
[SourceVersionDate "2005.03.01"]
[SourceQuality "1"]

1. e4 g6 2. d4 Bg7 3. Nc3 d6 4. Be3 a6 5. a4 b6 6. Bc4 Bb7 7. Nf3 e6 8. 0-0 Ne7 9. Qd2 0-0 10. Bh6 d5 11. Bxg7 Kxg7 12. exd5 Nxd5 13. Nxd5 Bxd5 14. Bxd5 Qxd5 15. b3 Nd7 16. c4 Qb7 17. Qc3 Kg8 18. Rad1 Rad8 19. d5 Nc5 20. Ne5 f5 21. Nc6 Rd6 22. Qh3 Rfd8 23. Nxd8 1-0

[Event "Bad Zwesten op 8th"]
[Site "Bad Zwesten"]
[Date "2004.01.05"]
[Round "6"]
[White "Michel, Stephan"]
[Black "Ewin, Hans Peter"]
[Result "0-1"]
[WhiteElo "1636"]
[BlackElo "1992"]
[PlyCount "44"]
[EventDate "2004.01.??"]
[EventType "swiss"]
[EventRounds "9"]
[EventCountry "GER"]
[SourceTitle "CBM 098 Extra"]
[Source "ChessBase"]
[SourceDate "2004.03.10"]
[SourceVersion "2"]
[SourceVersionDate "2004.03.10"]
[SourceQuality "1"]

1. e4 e5 2. Bc4 Nf6 3. d3 Nc6 4. Nc3 Bb4 5. Nge2 d5 6. exd5 Nxd5 7. 0-0 Be6 8. Ne4 f6 9. c3 Be7 10. Bb3 Qd7 11. d4 0-0-0 12. c4 Nb6 13. d5 Bf5 14. Nxf6 gxf6 15. dxc6 Qxc6 16. Qe1 Rhg8 17. Ng3 Bd3 18. Be3 f5 19. f4 Bxf1 20. Qxf1 Bc5 21. Nxf5 exf4 22. Qxf4 Qxg2# 0-1

[Event "Bad Zwesten op 8th"]
[Site "Bad Zwesten"]
[Date "2004.01.03"]
[Round "3"]
[White "Grass, Ernest"]
[Black "Michel, Stephan"]
[Result "0-1"]
[WhiteElo "937"]
[BlackElo "1636"]
[PlyCount "116"]
[EventDate "2004.01.??"]
[EventType "swiss"]
[EventRounds "9"]
[EventCountry "GER"]
[SourceTitle "CBM 098 Extra"]
[Source "ChessBase"]
[SourceDate "2004.03.10"]
[SourceVersion "2"]
[SourceVersionDate "2004.03.10"]
[SourceQuality "1"]

1. e4 g6 2. Nf3 Bg7 3. d4 d6 4. Be2 Nd7 5. c4 e5 6. d5 Ne7 7. Nc3 0-0 8. Be3 h6 9. Qd2 Kh7 10. h4 f5 11. g3 Nf6 12. exf5 Nxf5 13. Ng5+ Kg8 14. Nge4 Nxe3 15. Qxe3 Qe7 16. Bd3 Bd7 17. 0-0-0 a6 18. f3 Nxe4 19. fxe4 Bg4 20. Rdf1 Rxf1+ 21. Rxf1 h5 22. Kb1 Rf8 23. Qe1 Bh6 24. Be2 Rxf1 25. Qxf1 Bd7 26. a3 Qf7 27. b4 Qxf1+ 28. Bxf1 Bd2 29. Kc2 Be1 30. Ne2 Bg4 31. c5 Bxe2 32. Bxe2 Bxg3 33. a4 Bxh4 34. a5 dxc5 35. bxc5 Be1 36. d6 cxd6 37. cxd6 Bxa5 38. Kd3 b5 39. Bd1 Kf8 40. Bb3 Bb4 41. d7 Ke7 42. d8Q+ Kxd8 43. Bf7 h4 44. Ke2 g5 45. Be6 a5 46. Kd1 Bc5 47. Kc2 b4 48. Kb3 Ke7 49. Bf5 Kd6 50. Ka4 Bb6 51. Bg4 Kc5 52. Bf3 Kd4 53. Kb3 Ke3 54. Bg2 g4 55. Ka4 h3 56. Bh1 g3 57. Kb3 g2 58. Bxg2 hxg2 0-1